The Man Towards The Moksha/ (Record no. 209659)

MARC details
000 -LEADER
fixed length control field 00794nam a22002177a 4500
005 - DATE AND TIME OF LATEST TRANSACTION
control field 20251009124014.0
010 ## - LCCN (DPL NO)
LC control number B-777843-847 SP
020 ## - INTERNATIONAL STANDARD BOOK NUMBER
International Standard Book Number 9789371391054
Terms of availability 225.00
035 ## - SYSTEM CONTROL NUMBER
System control number B-777843-847 SP
037 ## - SOURCE OF ACQUISITION
Source of stock number/acquisition Adhunik Prakashan
082 ## - DEWEY DECIMAL CLASSIFICATION NUMBER
Classification number N
100 ## - MAIN ENTRY--PERSONAL NAME
Personal name Prakash, Shakti
245 ## - TITLE STATEMENT
Title The Man Towards The Moksha/
Statement of responsibility, etc Shakti Prakasha
260 ## - PUBLICATION, DISTRIBUTION, ETC. (IMPRINT)
Place of publication, distribution, etc New Delhi
Name of publisher, distributor, etc Blue Rose One
Date of publication, distribution, etc 2022
270 ## - ADDRESS
Address New Delhi
300 ## - PHYSICAL DESCRIPTION
Extent 99p.
Other physical details ill.
Dimensions 20cm. (pbk)
600 ## - SUBJECT ADDED ENTRY--PERSONAL NAME
Dates associated with a name Mental Health
700 ## - ADDED ENTRY--PERSONAL NAME
Personal name Ill. Rana, Amrita
9 (RLIN) 85452
942 ## - ADDED ENTRY ELEMENTS (KOHA)
Source of classification or shelving scheme Dewey Decimal Classification
Item type Children Books
Classification part N
Call number suffix PRA
Holdings
Withdrawn status Lost status Not for loan Collection code Home library Current library Date acquired Source of acquisition Cost, normal purchase price Full call number Barcode Copy number Cost, replacement price Koha item type
      Fiction Ashok Vihar Ashok Vihar 09/10/2025 Adhunik Prakashan/SP/175/9.6.25/347/24.4.25/10.6.25 225.00 N PRA B-777844 1 225.00 Children Books
      Fiction Central Library Central Library 09/10/2025 Adhunik Prakashan/SP/175/9.6.25/347/24.4.25/10.6.25 225.00 N PRA B-777843 1 225.00 Children Books
      Fiction Patel Nagar Patel Nagar 09/10/2025 Adhunik Prakashan/SP/175/9.6.25/347/24.4.25/10.6.25 225.00 N PRA B-777845 1 225.00 Children Books
      Fiction Sarojini Nagar Sarojini Nagar 09/10/2025 Adhunik Prakashan/SP/175/9.6.25/347/24.4.25/10.6.25 225.00 N PRA B-777846 1 225.00 Children Books
      Fiction Shahdara Branch Shahdara Branch 09/10/2025 Adhunik Prakashan/SP/175/9.6.25/347/24.4.25/10.6.25 225.00 N PRA B-777847 1 225.00 Children Books

© Delhi Public Library
Hit Counter
free hit counter